[Event "1516LLO"]
[Site "Mecklenburg-Vorpommern"]
[Date "2016.02.21"]
[Round "6.2"]
[White "Pawlick, Helmut"]
[Black "Riebort, Frank"]
[Result "1/2-1/2"]
[WhiteElo "1798"]
[BlackElo "1884"]
[PlyCount "108"]
[EventType "team-tourn"]
[EventRounds "9"]
[EventCountry "GER"]
[SourceDate "2015.09.20"]
[WhiteTeam "SV Rugia Bergen"]
[BlackTeam "SV Motor Wolgast"]
[WhiteTeamCountry "GER"]
[BlackTeamCountry "GER"]

1. e4 d6 2. d4 Nf6 3. Nc3 g6 4. Nf3 Bg7 5. Be2 O-O 6. O-O Nbd7 7. h3 e5 8. Be3
c6 9. a4 Qe7 10. dxe5 Nxe5 11. Nd4 d5 12. f4 Nc4 13. Bxc4 dxc4 14. e5 Nd5 15.
Nxd5 cxd5 16. Nb5 Rd8 17. Bd4 f6 18. Qf3 Bf5 19. Nc3 fxe5 20. fxe5 Bxe5 21.
Bxe5 Qxe5 22. Rae1 Qd4+ 23. Kh1 Rd7 24. Rd1 Qg7 25. Nxd5 Rf8 26. Qe2 Rfd8 27.
Ne7+ Kh8 28. Nxf5 gxf5 29. Rxd7 Qxd7 30. Qxc4 Rc8 31. Qb4 Kg7 32. Re1 Kg6 33.
c3 Rc7 34. Re3 Qd5 35. Rg3+ Kf7 36. Rf3 Re7 37. Qf4 Re1+ 38. Kh2 Qe5 39. Qxe5
Rxe5 40. b4 Ke6 41. Rd3 Rd5 42. Rg3 Rd7 43. Re3+ Kf6 44. Kg3 Rg7+ 45. Kf3 f4
46. Kxf4 Rxg2 47. Kf3 Rd2 48. Kg4 Rd7 49. h4 Rc7 50. Rf3+ Ke5 51. Kg5 Ke4 52.
Rh3 Rc6 53. h5 h6+ 54. Kg4 Rf6 1/2-1/2

[Event "1516LLO"]
[Site "Mecklenburg-Vorpommern"]
[Date "2016.02.21"]
[Round "6.3"]
[White "Rosin, Ralf"]
[Black "Pawlowicz, Wolfgang"]
[Result "1/2-1/2"]
[WhiteElo "1730"]
[BlackElo "1689"]
[PlyCount "38"]
[EventType "team-tourn"]
[EventRounds "9"]
[EventCountry "GER"]
[SourceDate "2015.09.20"]
[WhiteTeam "SV Motor Wolgast"]
[BlackTeam "SV Rugia Bergen"]
[WhiteTeamCountry "GER"]
[BlackTeamCountry "GER"]

1. d4 Nf6 2. Nf3 g6 3. c4 c6 4. Nc3 d5 5. e3 Bg7 6. Qb3 O-O 7. Be2 e6 8. O-O b6
9. Bd2 Bb7 10. c5 Nbd7 11. cxb6 axb6 12. Qc2 Qe7 13. Rfd1 Rfc8 14. Rac1 e5 15.
Nxe5 Nxe5 16. dxe5 Qxe5 17. Na4 Nd7 18. Bc3 Qe7 19. Bxg7 Kxg7 1/2-1/2

[Event "1516LLO"]
[Site "Mecklenburg-Vorpommern"]
[Date "2016.02.21"]
[Round "6.4"]
[White "Rosenbusch, Robert Mario"]
[Black "Klotzsche, Stefan"]
[Result "0-1"]
[WhiteElo "1701"]
[BlackElo "1745"]
[PlyCount "87"]
[EventType "team-tourn"]
[EventRounds "9"]
[EventCountry "GER"]
[SourceDate "2015.09.20"]
[WhiteTeam "SV Rugia Bergen"]
[BlackTeam "SV Motor Wolgast"]
[WhiteTeamCountry "GER"]
[BlackTeamCountry "GER"]

1. Nf3 Nf6 2. c4 g6 3. g3 Bg7 4. Bg2 d6 5. O-O O-O 6. Nc3 a6 7. d4 c5 8. e4
cxd4 9. Nxd4 e5 10. Nc2 Nc6 11. Ne3 Rb8 12. Qd3 Nd4 13. Ned5 Nd7 14. Be3 Nc5
15. Qd2 b5 16. Ne2 Nxe2+ 17. Qxe2 Bd7 18. b4 Na4 19. Rfc1 bxc4 20. Qxc4 Bb5 21.
Qc7 f5 22. Qxd8 Rbxd8 23. Bg5 Rd7 24. Bf1 Bxf1 25. Kxf1 fxe4 26. Be3 Nb2 27.
Rc6 Nd3 28. Kg2 Nf4+ 29. gxf4 exf4 30. Rac1 fxe3 31. fxe3 Rf5 32. Nc3 Bxc3 33.
R1xc3 a5 34. Rc8+ Kf7 35. R8c7 Ke6 36. Rxd7 Kxd7 37. Rc4 Rb5 38. bxa5 Rxa5 39.
a4 d5 40. Rb4 Kc6 41. Kg3 Ra7 42. Kf4 Rf7+ 43. Ke5 Rf2 44. Rb5 (44. h4 $1 $11)
0-1

[Event "1516LLO"]
[Site "Mecklenburg-Vorpommern"]
[Date "2016.02.21"]
[Round "6.5"]
[White "Schellner, Ulf"]
[Black "Pawlowicz, Karsten"]
[Result "1/2-1/2"]
[WhiteElo "1624"]
[BlackElo "1619"]
[PlyCount "28"]
[EventType "team-tourn"]
[EventRounds "9"]
[EventCountry "GER"]
[SourceDate "2015.09.20"]
[WhiteTeam "SV Motor Wolgast"]
[BlackTeam "SV Rugia Bergen"]
[WhiteTeamCountry "GER"]
[BlackTeamCountry "GER"]

1. d4 d5 2. c4 dxc4 3. Nf3 e6 4. Nc3 Nf6 5. e3 Nd5 6. Bxc4 Nxc3 7. bxc3 a6 8.
O-O b5 9. Be2 Bb7 10. Ne5 Bd6 11. Bf3 c6 12. a4 Qc7 13. Ba3 Nd7 14. Bxd6 Qxd6
1/2-1/2

[Event "1516LLO"]
[Site "Mecklenburg-Vorpommern"]
[Date "2016.02.21"]
[Round "6.6"]
[White "Scheel, Manfred"]
[Black "Tarasow, Alexey"]
[Result "0-1"]
[WhiteElo "1592"]
[BlackElo "1741"]
[PlyCount "54"]
[EventType "team-tourn"]
[EventRounds "9"]
[EventCountry "GER"]
[SourceDate "2015.09.20"]
[WhiteTeam "SV Rugia Bergen"]
[BlackTeam "SV Motor Wolgast"]
[WhiteTeamCountry "GER"]
[BlackTeamCountry "GER"]

1. e4 c5 2. Nf3 Nc6 3. d4 cxd4 4. Nxd4 e5 5. Nxc6 bxc6 6. Nd2 Nf6 7. Bd3 d5 8.
O-O Bc5 9. h3 O-O 10. exd5 cxd5 11. Nb3 Bb6 12. Bg5 Qd6 13. c4 e4 14. Bc2 Bc7
15. g3 Bxh3 16. c5 Qe5 17. Bxf6 Qxf6 18. Qxd5 Bxf1 19. Kxf1 Bxg3 20. Qd2 Rfe8
21. Qe3 Bf4 22. Qd4 Qf5 23. Qc3 Qh5 24. Re1 e3 25. fxe3 Qf3+ 26. Kg1 Bxe3+ 27.
Rxe3 Rxe3 0-1

[Event "1516LLO"]
[Site "Mecklenburg-Vorpommern"]
[Date "2016.02.21"]
[Round "6.7"]
[White "Lange, Jannis"]
[Black "Hessler, Tom"]
[Result "1-0"]
[WhiteElo "1610"]
[BlackElo "1274"]
[PlyCount "71"]
[EventType "team-tourn"]
[EventRounds "9"]
[EventCountry "GER"]
[SourceDate "2015.09.20"]
[WhiteTeam "SV Motor Wolgast"]
[BlackTeam "SV Rugia Bergen"]
[WhiteTeamCountry "GER"]
[BlackTeamCountry "GER"]

1. e4 c5 2. Nf3 g6 3. c3 Bg7 4. d4 cxd4 5. cxd4 d6 6. Be3 Nf6 7. Nc3 O-O 8. h3
Qa5 9. Bd3 d5 10. e5 Ne4 11. Bxe4 dxe4 12. Nd2 Be6 13. O-O Rd8 14. Qc2 Nc6 15.
Qxe4 Bf5 16. Qf4 Qb4 17. Nf3 Qxb2 18. Ne4 Bxe4 19. Qxe4 Rd7 20. Qh4 f6 21. e6
Rd5 22. Rfb1 Qc3 23. Rc1 Qd3 24. Rab1 Qf5 25. Rxb7 Qxe6 26. Rc7 Rc8 27. R1xc6
Qxc6 28. Rxc6 Rxc6 29. Qe4 e6 30. Nd2 f5 31. Qh4 e5 32. Qe7 Bf8 33. Qe8 Rcd6
34. Nc4 Rd8 35. Qe6+ Kh8 36. Nxe5 1-0

[Event "1516LLO"]
[Site "Mecklenburg-Vorpommern"]
[Date "2016.02.21"]
[Round "6.8"]
[White "Krueger, Bodo"]
[Black "Zimmermann, Frank"]
[Result "1/2-1/2"]
[WhiteElo "1654"]
[BlackElo "1581"]
[PlyCount "68"]
[EventType "team-tourn"]
[EventRounds "9"]
[EventCountry "GER"]
[SourceDate "2015.09.20"]
[WhiteTeam "SV Rugia Bergen"]
[BlackTeam "SV Motor Wolgast"]
[WhiteTeamCountry "GER"]
[BlackTeamCountry "GER"]

1. e4 e5 2. Nf3 Nc6 3. Bb5 a6 4. Ba4 Nf6 5. Nc3 b5 6. Bb3 Be7 7. O-O O-O 8. Re1
d6 9. h3 Na5 10. d4 Nxb3 11. axb3 exd4 12. Nxd4 Bb7 13. Nf5 Re8 14. Bg5 Kh8 15.
Qd3 b4 16. Bxf6 Bxf6 17. Nd5 Bxb2 18. Rad1 Bxd5 19. Qxd5 Qf6 20. Qc4 Bc3 21.
Re2 g6 22. Ne3 Kg7 23. Nd5 Qe5 24. f4 Qh5 25. Nxc3 bxc3 26. Qxc3+ Kg8 27. Rde1
Rac8 28. Qc6 Qb5 29. Qxb5 axb5 30. Kf2 Ra8 31. Rd1 f6 32. Rd5 Rab8 33. Kf3 Kf7
34. g4 Re6 1/2-1/2

[Event "1516LLO"]
[Site "Mecklenburg-Vorpommern"]
[Date "2016.03.13"]
[Round "7.1"]
[White "Valet, Richard"]
[Black "Schmidt, Peter"]
[Result "1-0"]
[WhiteElo "1953"]
[BlackElo "2096"]
[PlyCount "84"]
[EventType "team-tourn"]
[EventRounds "9"]
[EventCountry "GER"]
[SourceDate "2015.09.20"]
[WhiteTeam "Greifswalder SV II "]
[BlackTeam "SV Motor Wolgast"]
[WhiteTeamCountry "GER"]
[BlackTeamCountry "GER"]

1. e4 g6 2. Nc3 Bg7 3. g3 c5 4. Bg2 Nc6 5. d3 d6 6. f4 b5 7. Nf3 b4 8. Nd5 e6
9. Ne3 a5 10. O-O Nge7 11. e5 Ba6 12. Ng5 d5 13. c4 bxc3 14. bxc3 h6 15. Nf3 d4
16. cxd4 cxd4 17. Nc4 O-O 18. Ba3 Bxc4 19. dxc4 d3 20. Bd6 Nb4 21. Rb1 Nf5 22.
c5 Ne3 23. Qd2 Nxf1 24. Kxf1 f6 25. Kg1 Ra6 26. a3 Rxd6 27. exd6 Na6 28. Rc1
Nxc5 29. Rxc5 Qxd6 30. Rxa5 Rc8 31. Ne1 Bf8 32. Ra8 Qd4+ 33. Kh1 Rxa8 34. Bxa8
Bc5 35. Nf3 Qe3 36. Qxe3 Bxe3 37. Be4 d2 38. Bc2 g5 39. fxg5 hxg5 40. h3 Bc5
41. a4 Bb4 42. Kg2 Kf7 1-0

[Event "1516LLO"]
[Site "Mecklenburg-Vorpommern"]
[Date "2016.03.13"]
[Round "7.2"]
[White "Patzenhauer, Max"]
[Black "Schwahn, Christian"]
[Result "0-1"]
[WhiteElo "1919"]
[BlackElo "1963"]
[PlyCount "94"]
[EventType "team-tourn"]
[EventRounds "9"]
[EventCountry "GER"]
[SourceDate "2015.09.20"]
[WhiteTeam "SV Motor Wolgast"]
[BlackTeam "Greifswalder SV II "]
[WhiteTeamCountry "GER"]
[BlackTeamCountry "GER"]

1. d4 Nf6 2. Nf3 e6 3. Bf4 b6 4. e3 Bb7 5. Nbd2 Be7 6. Bd3 d5 7. c3 O-O 8. O-O
Nbd7 9. Ne5 Nxe5 10. Bxe5 g6 11. Qf3 Nd7 12. Bg3 f5 13. Qe2 a5 14. f3 Rf7 15.
e4 f4 16. Bf2 Nf8 17. Rfe1 g5 18. Rac1 h5 19. h3 c6 20. e5 Rg7 21. Nf1 Ra7 22.
Nh2 b5 23. Qc2 Bc8 24. Re2 Bd7 25. Kf1 Be8 26. Ke1 Bg6 27. Bxg6 Nxg6 28. Qd3
Bf8 29. Bg1 Ne7 30. Bf2 Nf5 31. Rcc2 Qe8 32. Qd2 Be7 33. Nf1 Qb8 34. Qc1 Bd8
35. Qd2 Raf7 36. Qc1 Rg6 37. Qd2 Be7 38. Qc1 Qf8 39. Nh2 c5 40. a3 c4 41. Nf1
g4 42. fxg4 hxg4 43. hxg4 Rxg4 44. Bg1 Ng3 45. Nxg3 fxg3 46. Qe3 Rf1+ 47. Kd2
Bg5 0-1

[Event "1516LLO"]
[Site "Mecklenburg-Vorpommern"]
[Date "2016.03.13"]
[Round "7.3"]
[White "Nauschuetz, Ernst"]
[Black "Reinke, Thomas"]
[Result "1/2-1/2"]
[WhiteElo "1853"]
[BlackElo "1886"]
[PlyCount "61"]
[EventType "team-tourn"]
[EventRounds "9"]
[EventCountry "GER"]
[SourceDate "2015.09.20"]
[WhiteTeam "Greifswalder SV II "]
[BlackTeam "SV Motor Wolgast"]
[WhiteTeamCountry "GER"]
[BlackTeamCountry "GER"]

1. c4 f5 2. g3 Nf6 3. Bg2 g6 4. Nc3 Bg7 5. d3 d6 6. e4 c6 7. Nge2 e5 8. O-O O-O
9. exf5 Bxf5 10. d4 e4 11. h3 d5 12. c5 h5 13. Bg5 Qc8 14. Kh2 Nbd7 15. Qd2 Rf7
16. Rac1 Nf8 17. Nd1 Ne6 18. Be3 Nh7 19. Nf4 Nxf4 20. Bxf4 Qd7 21. Ne3 g5 22.
Bd6 g4 23. h4 Re8 24. b4 Nf8 25. a4 Ne6 26. Nc2 Kh7 27. Rfe1 Bh6 28. Ne3 Bg6
29. Re2 Bg7 30. Nc2 Bh6 31. Ne3 1/2-1/2

[Event "1516LLO"]
[Site "Mecklenburg-Vorpommern"]
[Date "2016.03.13"]
[Round "7.4"]
[White "Schubert, Volker"]
[Black "Sowada, Christoph"]
[Result "1/2-1/2"]
[WhiteElo "1958"]
[BlackElo "1926"]
[PlyCount "29"]
[EventType "team-tourn"]
[EventRounds "9"]
[EventCountry "GER"]
[SourceDate "2015.09.20"]
[WhiteTeam "SV Motor Wolgast"]
[BlackTeam "Greifswalder SV II "]
[WhiteTeamCountry "GER"]
[BlackTeamCountry "GER"]

1. d4 f5 2. e4 fxe4 3. Nc3 Nf6 4. Bg5 Nc6 5. d5 Ne5 6. Qd4 Nf7 7. h4 e5 8. dxe6
dxe6 9. Bxf6 Qxf6 10. Qxf6 gxf6 11. Nxe4 Be7 12. O-O-O Bd7 13. Be2 O-O-O 14.
Bf3 Bc6 15. Nd2 1/2-1/2

[Event "1516LLO"]
[Site "Mecklenburg-Vorpommern"]
[Date "2016.03.13"]
[Round "7.5"]
[White "Grehl, Tino"]
[Black "Riebort, Frank"]
[Result "1/2-1/2"]
[WhiteElo "1822"]
[BlackElo "1884"]
[PlyCount "115"]
[EventType "team-tourn"]
[EventRounds "9"]
[EventCountry "GER"]
[SourceDate "2015.09.20"]
[WhiteTeam "Greifswalder SV II "]
[BlackTeam "SV Motor Wolgast"]
[WhiteTeamCountry "GER"]
[BlackTeamCountry "GER"]

1. c4 Nf6 2. d4 g6 3. Nc3 Bg7 4. Nf3 d6 5. e3 O-O 6. Be2 Nbd7 7. O-O e5 8. b3
Re8 9. Bb2 c6 10. Rc1 b6 11. Ba3 Bf8 12. Nd2 Bb7 13. dxe5 Rxe5 14. e4 c5 15. f4
Re8 16. Bf3 Bg7 17. Re1 Nf8 18. Bb2 Ne6 19. Ne2 Qc7 20. Qc2 Nd7 21. Bxg7 Kxg7
22. Qc3+ f6 23. Bg4 Rad8 24. Bxe6 Rxe6 25. Ng3 Rde8 26. Rf1 R6e7 27. Rcd1 a6
28. Qf3 Nf8 29. f5 g5 30. Qg4 Nd7 31. h4 Ne5 32. Qe2 h6 33. Nf3 Nxf3+ 34. gxf3
Rg8 35. Nh5+ Kf7 36. Qb2 Re5 37. Kf2 Qe7 38. Qd2 Rd8 39. hxg5 hxg5 40. Ng3 Ke8
41. Rh1 Qg7 42. Rh5 Re7 43. Rdh1 Kd7 44. Rh6 Qf8 45. Rg6 Rf7 46. Rhh6 Qe7 47.
Qc3 g4 48. Rxf6 Rxf6 49. Qxf6 Qxf6 50. Rxf6 gxf3 51. Kxf3 Re8 52. Rf7+ Re7 53.
Rxe7+ Kxe7 54. Kf4 b5 55. cxb5 axb5 56. Ne2 b4 57. Ke3 Kf6 58. Nf4 1/2-1/2

[Event "1516LLO"]
[Site "Mecklenburg-Vorpommern"]
[Date "2016.03.13"]
[Round "7.6"]
[White "Rosin, Ralf"]
[Black "Dombrowski, Frank"]
[Result "1-0"]
[WhiteElo "1730"]
[BlackElo "1988"]
[PlyCount "61"]
[EventType "team-tourn"]
[EventRounds "9"]
[EventCountry "GER"]
[SourceDate "2015.09.20"]
[WhiteTeam "SV Motor Wolgast"]
[BlackTeam "Greifswalder SV II "]
[WhiteTeamCountry "GER"]
[BlackTeamCountry "GER"]

1. d4 c6 2. Nf3 d5 3. e3 Nf6 4. c4 e6 5. Nc3 Nbd7 6. cxd5 cxd5 7. Bd3 a6 8. O-O
b5 9. a3 Bb7 10. Nd2 Nb6 11. Re1 Be7 12. Nf3 O-O 13. Ne5 Nc4 14. f4 Qc7 15. Ne2
Ne4 16. b3 Ncd6 17. Bd2 Nxd2 18. Qxd2 Ne4 19. Bxe4 dxe4 20. Rac1 Qd6 21. b4 h5
22. Rc3 Rfc8 23. Rec1 Rxc3 24. Rxc3 f6 25. Ng6 Bd8 26. Rc5 Bd5 27. f5 Bb6 28.
Nef4 Bxc5 29. bxc5 Qd7 30. Qd1 exf5 31. Nxd5 1-0

[Event "1516LLO"]
[Site "Mecklenburg-Vorpommern"]
[Date "2016.03.13"]
[Round "7.7"]
[White "Mueller, Nick"]
[Black "Klotzsche, Stefan"]
[Result "1-0"]
[WhiteElo "2210"]
[BlackElo "1745"]
[PlyCount "99"]
[EventType "team-tourn"]
[EventRounds "9"]
[EventCountry "GER"]
[SourceDate "2015.09.20"]
[WhiteTeam "Greifswalder SV II "]
[BlackTeam "SV Motor Wolgast"]
[WhiteTeamCountry "GER"]
[BlackTeamCountry "GER"]

1. e4 g6 2. d4 Bg7 3. Nf3 d6 4. Nc3 Nf6 5. Be2 a6 6. a4 O-O 7. O-O c5 8. d5 h6
9. h3 e6 10. Bf4 e5 11. Be3 Ne8 12. Nd2 Kh7 13. Nc4 f5 14. f4 exf4 15. Rxf4 g5
16. Rf1 f4 17. Bf2 Nd7 18. a5 Rb8 19. Na4 Ne5 20. Ra3 f3 21. gxf3 Bxh3 22. f4
Bxf1 23. fxe5 Bxe2 24. Qxe2 Bxe5 25. Nxe5 dxe5 26. Nxc5 Ng7 27. Nd3 Qf6 28. Rb3
Rf7 29. Rb6 Qf3 30. Qxf3 Rxf3 31. Kg2 g4 32. Nxe5 Rf4 33. Nd7 Rc8 34. c3 Rc7
35. Bg3 Nh5 36. Nf6+ Rxf6 37. Bxc7 Rxb6 38. axb6 Nf6 39. Kg3 Nxe4+ 40. Kxg4
Nf6+ 41. Kf5 Nxd5 42. Ke6 Ne3 43. Kd7 Nd1 44. b3 Nxc3 45. Kc8 Ne4 46. Kxb7 Nc5+
47. Kc6 Nxb3 48. b7 Nd4+ 49. Kd5 Nb5 50. b8=Q 1-0

[Event "1516LLO"]
[Site "Mecklenburg-Vorpommern"]
[Date "2016.03.13"]
[Round "7.8"]
[White "Lange, Jannis"]
[Black "Lanin, Boris"]
[Result "1/2-1/2"]
[WhiteElo "1610"]
[BlackElo "2112"]
[PlyCount "82"]
[EventType "team-tourn"]
[EventRounds "9"]
[EventCountry "GER"]
[SourceDate "2015.09.20"]
[WhiteTeam "SV Motor Wolgast"]
[BlackTeam "Greifswalder SV II "]
[WhiteTeamCountry "GER"]
[BlackTeamCountry "GER"]

1. d4 d6 2. e4 g6 3. Nf3 Bg7 4. c3 Nf6 5. Bd3 O-O 6. O-O c5 7. Be3 Ng4 8. Qd2
Nxe3 9. Qxe3 Qb6 10. b3 Nc6 11. d5 Nd8 12. Bc2 Qc7 13. Nbd2 e6 14. Rae1 b5 15.
c4 a6 16. Qd3 exd5 17. exd5 Bf5 18. Ne4 Qd7 19. Nh4 Nb7 20. Nxf5 Qxf5 21. Qd2
Qd7 22. Re3 Kh8 23. Rh3 Rae8 24. Qf4 Qe7 25. Rxh7+ Kxh7 26. Ng5+ Kg8 27. Qh4
Qxg5 28. Qxg5 Re5 29. Qg3 Re2 30. Bd3 Be5 31. f4 Bd4+ 32. Kh1 Re3 33. Rf3 Rfe8
34. f5 Rxf3 35. gxf3 Re3 36. Be4 Rc3 37. Kg2 Rc1 38. Kh3 Rg1 39. Qh4 g5 40. Qh6
Bg7 41. Qh5 Bf6 1/2-1/2

[Event "1516LLO"]
[Site "Mecklenburg-Vorpommern"]
[Date "2016.03.13"]
[Round "7.2"]
[White "Paulowitz, Bernd Rainer"]
[Black "Pawlick, Helmut"]
[Result "1/2-1/2"]
[WhiteElo "1887"]
[BlackElo "1798"]
[PlyCount "66"]
[EventType "team-tourn"]
[EventRounds "9"]
[EventCountry "GER"]
[SourceDate "2015.09.20"]
[WhiteTeam "FHSG Stralsund II"]
[BlackTeam "SV Rugia Bergen"]
[WhiteTeamCountry "GER"]
[BlackTeamCountry "GER"]

1. d4 Nf6 2. c4 e6 3. Nf3 c5 4. Nc3 d5 5. e3 Nc6 6. cxd5 Nxd5 7. Bd3 cxd4 8.
exd4 Be7 9. O-O a6 10. Qe2 Ndb4 11. Be3 Nxd3 12. Qxd3 O-O 13. a3 Bf6 14. Ne4
Be7 15. Rad1 b6 16. Nfg5 g6 17. h4 f5 18. Qb3 $2 Qd5 (18... Na5 19. Qa2 fxe4
20. Nxe6 Bxe6 21. Qxe6+ Rf7 $19) 19. Qxd5 exd5 20. Nc3 f4 21. Bc1 Bxg5 22. hxg5
Rf5 23. Ne2 f3 24. Ng3 fxg2 25. Kxg2 Rf8 26. Be3 Bd7 27. Ne2 Bg4 28. f3 Rae8
29. Rd3 Bd7 30. b4 b5 31. Rf2 Ne7 32. Bf4 Rc8 33. Bd6 Rfe8 1/2-1/2

[Event "1516LLO"]
[Site "Mecklenburg-Vorpommern"]
[Date "2016.03.13"]
[Round "7.3"]
[White "Pawlowicz, Wolfgang"]
[Black "Rickmann, Niklas"]
[Result "1-0"]
[WhiteElo "1689"]
[BlackElo "1686"]
[PlyCount "51"]
[EventType "team-tourn"]
[EventRounds "9"]
[EventCountry "GER"]
[SourceDate "2015.09.20"]
[WhiteTeam "SV Rugia Bergen"]
[BlackTeam "FHSG Stralsund II"]
[WhiteTeamCountry "GER"]
[BlackTeamCountry "GER"]

1. c4 g6 2. Nc3 Bg7 3. d4 d6 4. Nf3 Nc6 5. g3 e5 6. dxe5 Nxe5 7. Nxe5 Bxe5 8.
Bg2 c6 9. Bd2 Be6 10. b3 Ne7 11. Rc1 h6 12. e4 Qd7 13. O-O g5 14. Ne2 f5 15. f4
Bf6 16. Bc3 Bxc3 17. Rxc3 O-O-O 18. Rd3 fxe4 19. Bxe4 Bg4 20. Qd2 Bxe2 21. Qxe2
gxf4 22. Rxf4 Rdf8 23. Qf2 Rxf4 24. Qxf4 d5 25. cxd5 c5 26. d6 1-0

[Event "1516LLO"]
[Site "Mecklenburg-Vorpommern"]
[Date "2016.03.13"]
[Round "7.4"]
[White "Vlach, Michael"]
[Black "Pawlowicz, Karsten"]
[Result "1/2-1/2"]
[WhiteElo "1613"]
[BlackElo "1619"]
[PlyCount "105"]
[EventType "team-tourn"]
[EventRounds "9"]
[EventCountry "GER"]
[SourceDate "2015.09.20"]
[WhiteTeam "FHSG Stralsund II"]
[BlackTeam "SV Rugia Bergen"]
[WhiteTeamCountry "GER"]
[BlackTeamCountry "GER"]

1. d4 d5 2. c4 dxc4 3. Qa4+ c6 4. Qxc4 Qd5 5. e3 Qxc4 6. Bxc4 Bf5 7. Nc3 e6 8.
a3 Nd7 9. Nge2 Nb6 10. Bb3 Bd3 11. O-O Nf6 12. Rd1 Bxe2 13. Nxe2 g6 14. Bc2 Bg7
15. b4 O-O 16. Bb3 Nbd5 17. f3 a5 18. Bd2 axb4 19. axb4 Nd7 20. Kf2 N7b6 21.
Rdc1 Rxa1 22. Rxa1 Ra8 23. Rxa8+ Nxa8 24. Nc1 e5 25. dxe5 Bxe5 26. Nd3 Bd6 27.
e4 Ne7 28. Be3 Bc7 29. Nc5 b6 30. Nd7 h5 31. Bg5 Bd6 32. Bd2 c5 33. bxc5 Bxc5+
34. Nxc5 bxc5 35. Be3 Nc7 36. Bxc5 Nc6 37. Ke3 Ne6 38. Bd5 Nxc5 39. Bxc6 Kg7
40. h4 Kf6 41. Be8 Ke7 42. Bb5 Ne6 43. Bc4 Nc7 44. Kf4 Ne8 45. Kg5 Nd6 46. Bb3
Nb5 47. Bd5 Nd6 48. Bb3 Nb5 49. e5 Nd4 50. Ba2 Nf5 51. e6 fxe6 52. Kxg6 Nxh4+
53. Kxh5 1/2-1/2

[Event "1516LLO"]
[Site "Mecklenburg-Vorpommern"]
[Date "2016.03.13"]
[Round "7.5"]
[White "Tabbert, Dirk"]
[Black "Jabbusch, Burkhard"]
[Result "1-0"]
[WhiteElo "1602"]
[BlackElo "1688"]
[PlyCount "145"]
[EventType "team-tourn"]
[EventRounds "9"]
[EventCountry "GER"]
[SourceDate "2015.09.20"]
[WhiteTeam "SV Rugia Bergen"]
[BlackTeam "FHSG Stralsund II"]
[WhiteTeamCountry "GER"]
[BlackTeamCountry "GER"]

1. c4 e5 2. Nc3 f5 3. g3 Nf6 4. Bg2 Be7 5. d3 O-O 6. e4 fxe4 7. Nxe4 Nc6 8. Ne2
d6 9. O-O Nxe4 10. Bxe4 Bh3 11. Bd5+ Kh8 12. Bg2 Qd7 13. Be3 Rf7 14. Nc3 Raf8
15. Nd5 Bd8 16. Qa4 Bxg2 17. Kxg2 Qg4 18. Qd1 Qg6 19. b4 b6 20. a4 Bg5 21. Qd2
Bd8 22. Rae1 h5 23. h3 Rf3 24. b5 Ne7 (24... h4 $1 25. Bf4 hxg3 26. fxg3 Rxd3)
25. Nc3 c6 26. Ne4 R3f5 27. Bg5 d5 28. cxd5 cxd5 29. Bxe7 Bxe7 30. Nc3 Bc5 31.
Nd1 Rf3 32. Ne3 d4 33. Nc4 Rxd3 34. Nxe5 Rxd2 (34... Qxg3+ 35. fxg3 Rxd2+ $19)
35. Nxg6+ Kg8 36. Nxf8 Kxf8 37. Kf3 Kf7 38. Rd1 Ra2 39. Ra1 Rb2 40. Ke4 Ke6 41.
f4 Re2+ 42. Kf3 Re3+ 43. Kg2 Kf7 44. Rfe1 Rb3 45. Ra2 d3 46. Re5 g6 47. Rd5 Ke6
48. Re5+ Kf6 49. g4 Rc3 50. Re4 Rc2+ 51. Rxc2 dxc2 52. Rc4 Be3 53. Rc6+ Kf7 54.
Rxc2 hxg4 55. hxg4 Bxf4 56. Rc8 Be3 57. Rc7+ Kf6 58. Rxa7 Kg5 59. Kf3 Bd4 60.
Rd7 Bc3 61. Rd5+ Kh6 62. Rd6 Ba5 63. Kf4 Kg7 64. Kg5 Kf7 65. Rxg6 Bd2+ 66. Kf5
Be3 67. Rc6 Kg7 68. g5 Bd4 69. Rc7+ Kf8 70. g6 Kg8 71. Ke6 Be3 72. Rb7 Bf2 73.
Kd6 1-0

[Event "1516LLO"]
[Site "Mecklenburg-Vorpommern"]
[Date "2016.03.13"]
[Round "7.6"]
[White "Klinger, Clemens"]
[Black "Scheel, Manfred"]
[Result "0-1"]
[WhiteElo "1550"]
[BlackElo "1592"]
[PlyCount "82"]
[EventType "team-tourn"]
[EventRounds "9"]
[EventCountry "GER"]
[SourceDate "2015.09.20"]
[WhiteTeam "FHSG Stralsund II"]
[BlackTeam "SV Rugia Bergen"]
[WhiteTeamCountry "GER"]
[BlackTeamCountry "GER"]

1. e4 e5 2. Nf3 Nc6 3. Bc4 Bc5 4. d4 Bxd4 5. Nxd4 Nxd4 6. O-O Nf6 7. f4 d6 8.
h3 Be6 9. Bxe6 Nxe6 10. Nc3 Nxf4 11. Bxf4 exf4 12. Rxf4 O-O 13. Qf3 c6 14. Rd1
Qb6+ 15. Kh2 Ne8 16. Rf1 f6 17. Qg4 Qxb2 18. Qe6+ Kh8 19. R1f3 Qb6 20. Rh4 Qc7
21. Qf5 g5 22. Rh5 Rf7 23. e5 d5 24. Kh1 Rd8 25. Rh6 Qc8 26. e6 Nd6 27. Rxh7+
Rxh7 28. Qxf6+ Rg7 29. e7 Re8 30. Qf8+ Kh7 31. Qf6 Rexe7 32. Qxd6 Re1+ 33. Kh2
Qc7 34. Qxc7 Rxc7 35. Na4 Re2 36. Rc3 Rf7 37. Nc5 Rff2 38. Rg3 Rxc2 39. Ne6
Rxa2 40. Nxg5+ Kh6 41. Kg1 Rxg2+ 0-1

[Event "1516LLO"]
[Site "Mecklenburg-Vorpommern"]
[Date "2016.03.13"]
[Round "7.7"]
[White "Behrens, Christoph"]
[Black "Isigkeit, Hans Juergen"]
[Result "1/2-1/2"]
[WhiteElo "1652"]
[BlackElo "1530"]
[PlyCount "38"]
[EventType "team-tourn"]
[EventRounds "9"]
[EventCountry "GER"]
[SourceDate "2015.09.20"]
[WhiteTeam "SV Rugia Bergen"]
[BlackTeam "FHSG Stralsund II"]
[WhiteTeamCountry "GER"]
[BlackTeamCountry "GER"]

1. e4 c5 2. Nf3 Nc6 3. d4 cxd4 4. Nxd4 Nf6 5. Nc3 e5 6. Nxc6 bxc6 7. Bd3 d6 8.
O-O Be7 9. h3 O-O 10. Ne2 d5 11. Ng3 Be6 12. c3 Qd7 13. Bg5 h6 14. Bxf6 Bxf6
15. Re1 Bh4 16. exd5 Qxd5 17. Nf5 Bxf5 18. Bxf5 Bf6 19. Qc2 g6 1/2-1/2

[Event "1516LLO"]
[Site "Mecklenburg-Vorpommern"]
[Date "2016.03.13"]
[Round "7.1"]
[White "Dupke, Andreas"]
[Black "Windjaeger, Gerd"]
[Result "0-1"]
[WhiteElo "1791"]
[BlackElo "1939"]
[PlyCount "82"]
[EventType "team-tourn"]
[EventRounds "9"]
[EventCountry "GER"]
[SourceDate "2015.09.20"]
[WhiteTeam "SG Neubrandenburg III"]
[BlackTeam "SV Gryps"]
[WhiteTeamCountry "GER"]
[BlackTeamCountry "GER"]

1. e4 c6 2. d4 d5 3. exd5 cxd5 4. c4 Nf6 5. Nc3 Nc6 6. cxd5 Nxd5 7. Bc4 Nb6 8.
Bb5 e6 9. Nf3 Be7 10. O-O O-O 11. Be3 Bd7 12. a3 Na5 13. Bd3 Rc8 14. Ne5 Be8
15. Rc1 Nac4 16. Bb1 Nxe5 17. dxe5 Qxd1 18. Rfxd1 Nc4 19. Ne4 Ba4 20. Re1 Nxe3
21. fxe3 Rfd8 22. Nd6 Rxc1 23. Rxc1 Bc6 24. Nc4 Ba4 25. Nd6 Bxd6 26. exd6 Bc6
27. b4 a6 28. Rd1 Kf8 29. h4 g6 30. g4 Bf3 31. Rd4 f5 32. gxf5 gxf5 33. Ba2 Kf7
34. Rf4 Be4 35. Rxe4 fxe4 36. Bb1 b6 37. Bxe4 h6 38. Kf2 Rxd6 39. Kf3 Kf6 40.
Kg4 Rd2 41. Bc6 Rd3 0-1